Cuatro declaraciones sobre la cuestión racial
Αποθηκεύτηκε σε:
| Μορφή: | Βιβλίο |
|---|---|
| Γλώσσα: | Ισπανικά |
| Έκδοση: |
París
UNESCO
1969
|
| Σειρά: | La Unesco y su Programa
|
| Θέματα: | |
| Ετικέτες: |
Προσθήκη ετικέτας
Δεν υπάρχουν, Καταχωρήστε ετικέτα πρώτοι!
|
MARC
| LEADER | 00000nam a2200000 a 4500 | ||
|---|---|---|---|
| 001 | UCT7023 | ||
| 003 | CL-VaPUC | ||
| 008 | 970116e19690000FR |||||||||||||||||spa|d | ||
| 082 | 0 | 4 | |a 305.08 |b CUA |2 21 |
| 245 | 1 | 0 | |a Cuatro declaraciones sobre la cuestión racial |
| 300 | |a 59 p | ||
| 942 | |c BK | ||
| 945 | |d 19970116 00:00:00 |a paguirre | ||
| 260 | |a París |b UNESCO |c 1969 | ||
| 650 | 0 | |a Racismo |9 255805 | |
| 650 | 0 | |a Problemas sociales |9 258537 | |
| 650 | 7 | |a PREJUICIO RACIAL |2 CL-VaPUC |9 337511 | |
| 650 | 0 | |a Relaciones raciales |9 317922 | |
| 583 | |a last modification |c 19970116 00:00:00 |k Rodrigo Vera | ||
| 490 | 0 | |a La Unesco y su Programa | |
| 999 | |c 255686 |d 255684 | ||
| 952 | |0 0 |1 0 |4 0 |6 305_080000000000000_CUA_1969 |7 0 |8 A |9 278057 |a BIBDER |b BIBDER |d 2019-11-19 |i 1805355 |o 305.08 CUA 1969 |p 1805355 |r 2023-01-25 |w 2019-11-19 |y BK |k DER | ||